|
|
|
|
| LEADER |
00000cam a2200000 a 4500 |
| 001 |
62283 |
| 003 |
CZ-ZlUTB |
| 005 |
20240829145105.0 |
| 007 |
ta |
| 008 |
901011s1991 xxua b 001 0 eng |
| 020 |
|
|
|a 0306434733
|q (váz.)
|
| 040 |
|
|
|a DLC
|c DLC
|d DLC
|d ZLD002
|
| 072 |
|
7 |
|a 678
|x Průmysl makromolekulárních látek. Gumárenský průmysl. Průmysl plastů
|2 Konspekt
|9 19
|
| 080 |
|
|
|a 678.5/.8
|2 MRF
|
| 080 |
|
|
|a 547.1'128:546.281
|2 MRF
|
| 080 |
|
|
|a 620.2-039:678.7
|2 MRF
|
| 080 |
|
|
|a 544.7
|2 MRF
|
| 080 |
|
|
|a 539.61
|2 MRF
|
| 080 |
|
|
|a (048.8)
|2 MRF
|
| 100 |
1 |
|
|a Plueddemann, Edwin P.,
|d 1916-1991
|7 utb2011673076
|4 aut
|
| 245 |
1 |
0 |
|a Silane coupling agents /
|c Edwin P. Plueddemann
|
| 250 |
|
|
|a 2nd ed.
|
| 260 |
|
|
|a New York :
|b Plenum Press,
|c c1991
|
| 300 |
|
|
|a xi, 253 s. :
|b il. ;
|c 24 cm
|
| 504 |
|
|
|a Obsahuje bibliografické odkazy a rejstřík
|
| 650 |
0 |
7 |
|a plasty
|7 ph124105
|2 czenas
|
| 650 |
0 |
7 |
|a polymery
|7 ph124310
|2 czenas
|
| 650 |
0 |
7 |
|a silany
|7 ph123805
|2 czenas
|
| 650 |
0 |
7 |
|a polymerní kompozitní materiály
|7 ph210239
|2 czenas
|
| 650 |
0 |
7 |
|a povrchové jevy
|7 ph124450
|2 czenas
|
| 650 |
0 |
7 |
|a adheze
|7 ph118255
|2 czenas
|
| 650 |
0 |
9 |
|a plastics
|2 eczenas
|
| 650 |
0 |
9 |
|a polymers
|2 eczenas
|
| 650 |
0 |
9 |
|a silanes
|2 eczenas
|
| 650 |
0 |
9 |
|a polymer composite materials
|2 eczenas
|
| 650 |
0 |
9 |
|a surface phenomena
|2 eczenas
|
| 650 |
0 |
9 |
|a adhesion
|2 eczenas
|
| 655 |
|
7 |
|a monografie
|7 fd132842
|2 czenas
|
| 655 |
|
9 |
|a monographs
|2 eczenas
|
| 910 |
|
|
|a ZLD002
|
| 952 |
|
|
|0 0
|1 0
|4 0
|6 6785PLUEDDEMANNEP
|7 0
|8 BOOK
|9 113712
|a UTBZL
|b UTBZL
|c 041
|d 2011-12-23
|l 2
|m 7
|o 678.5/PLUEDDEMANN,E.P.
|p 420010141771
|q 2028-12-21
|r 2025-09-08 00:00:00
|s 2025-09-08
|v 6723.00
|w 2019-08-26
|x opravit signaturu | N:nákup;
|y 08
|
| 992 |
|
|
|a BK
|b SK
|d 1
|
| 999 |
|
|
|c 62283
|d 62283
|